Mafalda 0 (Registro nro. 15826)

000 -CABECERA
campo de control de longitud fija 01871nam a22002297a 4500
003 - IDENTIFICADOR DEL NÚMERO DE CONTROL
campo de control OSt
005 - FECHA Y HORA DE LA ÚLTIMA TRANSACCIÓN
campo de control 20250225143244.0
008 - DATOS DE LONGITUD FIJA--INFORMACIÓN GENERAL
campo de control de longitud fija 250224b ||||| |||| 00| 0 spa d
040 ## - FUENTE DE LA CATALOGACIÓN
Centro/agencia transcriptor CO-Mq BPB
041 ## - CÓDIGO DE LENGUA
Código de lengua del texto/banda sonora o título independiente 9786287658103
082 ## - NÚMERO DE LA CLASIFICACIÓN DECIMAL DEWEY
Número de clasificación JH
Número de documento/Ítem QUIN
100 ## - ENTRADA PRINCIPAL--NOMBRE DE PERSONA
Nombre de persona Lavado, Joaquin (Quino);
Fechas asociadas al nombre 1932-2020,
Término indicativo de función/relación autor
245 ## - MENCIÓN DE TÍTULO
Título Mafalda 0
264 ## - PRODUCCIÓN, PUBLICACIÓN, DISTRIBUCIÓN, FABRICACIÓN Y COPYRIGHT
Producción, publicación, distribución, fabricación y copyright Bogotá;
Nombre del de productor, editor, distribuidor, fabricante Penguin Random House,
Fecha de producción, publicación, distribución, fabricación o copyright 2024
300 ## - DESCRIPCIÓN FÍSICA
Extensión 96 páginas;
Otras características físicas Tapa rustica, ilustraciones a blanco y negro
Dimensiones 19 x 13 cm
490 ## - MENCIÓN DE SERIE
Mención de serie Volumen 0
521 ## - NOTA DE PÚBLICO DESTINATARIO
Nota de público destinatario Mafalda es, junto a sus amigos Felipe, Susanita, Manolito, Miguelito y Libertad, un símbolo de nuestra sociedad. Una niña inconformista, solidaria y sensible que nació en 1964, como decía Quino, como "una niña que intenta resolver el dilema de quiénes son los buenos y quiénes los malos en este mundo". Desde el principio dio muestras de un gran espíritu crítico, y ya en sus primeras viñetas le construía un diván a su muñeca para psicoanalizarla. Hoy Mafalda sigue invitándonos a pensar, a huir del prejuicio, a amar y a soñar con un mundo mejor, y seguimos acudiendo a ella para conseguir entendernos a nosotros mismos y al loco mundo en que vivimos. "Mafalda es una heroína de nuestro tiempo", dijo Umberto Eco, su primer editor en Europa, y los grandes temas a los que se enfrenta son los de todo ser humano: el amor, la solidaridad, el odio, los celos, la amistad, la soledad, la incomprensión, la empatía, el miedo... Quino creó una obra universal en la que lo encontramos todo, y por eso decimos que "Todo está en Mafalda". Los volúmenes de tiras de Mafalda, numerados de 0 a 10, son los volúmenes originales que empezaron a publicarse como libros individuales a partir de 1966 y siguen hoy más vivos que nunca.
650 ## - PUNTO DE ACCESO ADICIONAL DE MATERIA--TÉRMINO DE MATERIA
Término de materia o nombre geográfico como elemento de entrada Historieta juvenil
650 ## - PUNTO DE ACCESO ADICIONAL DE MATERIA--TÉRMINO DE MATERIA
Término de materia o nombre geográfico como elemento de entrada Tiras cómicas
650 ## - PUNTO DE ACCESO ADICIONAL DE MATERIA--TÉRMINO DE MATERIA
Término de materia o nombre geográfico como elemento de entrada Obra universal
942 ## - ELEMENTOS DE PUNTO DE ACCESO ADICIONAL (KOHA)
Fuente del sistema de clasificación o colocación
Tipo de ítem Koha Libro Literatura
Existencias
Estado de retiro Estado de pérdida Fuente del sistema de clasificación o colocación Estado dañado No para préstamo Código de colección Localización permanente Ubicación/localización actual Ubicación en estantería Fecha de adquisición Fuente de adquisición Número de inventario Total de préstamos Renovaciones totales Signatura topográfica completa Código de barras Fecha visto por última vez Fecha del último préstamo Número de copia Precio válido a partir de Tipo de ítem Koha Nota pública En préstamo Restricciones de uso
          Literatura Juvenil Biblioteca Pública San Juan Bosco Biblioteca Pública San Juan Bosco Literatura 24/02/2025 Compra 2024 NT 6 1 JH QUIN MOS504142 13/05/2026 25/04/2026 Ej.1 24/02/2025 Libro Literatura Quince dias    
          Literatura Juvenil Biblioteca Pública San Juan Bosco Biblioteca Pública San Juan Bosco Literatura 24/02/2025 Compra 2024 NT 10   JH QUIN MOS504143 23/05/2026 23/05/2026 Ej.2 24/02/2025 Libro Literatura Quince dias 10/06/2026  
          Literatura Juvenil Biblioteca Pública San Juan Bosco Biblioteca Pública San Juan Bosco Literatura 03/03/2026 Compra 2025 NT     JH QUIN MOS504697 03/03/2026   Ej.3 03/03/2026 Libro Literatura Quince dias   Procesos Técnicos

© Todos los derechos reservados para la Biblioteca Pública Municipal San Juan Bosco, 2020
Secretaria de Cultura de Mosquera
Carrera 3 N° 10 Esquina Centro Cultural Barrio El Carmén Teléfono: 8270830 Ext: 34
Funcionando con KOHA
Contacto: Biblioteca Pública Municipal San Juan Bosco/ bibliotecasanjuanbosco@mosquera-cundinamarca.gov.co
Mosquera, Cundinamarca